000 00364nam a22001337a 4500
020 _a9781501121470
040 _cNUST
082 _a320.12 MAR
100 _aMarshall, Tim
_9111478
245 _aPrisoners of Geography:
_bTen Maps That Explain Everything About the Worrld
260 _aNew York:
_bScribner.
_c2015.
650 _aGeography
_97902
942 _2ddc
_cBK
999 _c594347
_d594347